000 11143nas1a22009491i 4500
001 RU\NLR\INFOCOMM6\1000484394
005 20240723091829.0
035 _a(NLR Aleph) 002305838
090 _a4269604
_c4269604
100 _a20040915a19579999|||y0rusy50 ca
101 0 _arus
102 _aRU
110 _azyu||||0|y0
200 1 _aПротезирование и протезостроение
_eНауч.-метод. информация
_fМСО РСФСР. Центр. науч.-исслед. ин-т протезирования и протезостроения
210 _aМ.
_d1957-
430 0 _12001#$aИнформационный бюллетень Центрального научно-исследовательского института протезирования и протезостроения
_tИнформационный бюллетень Центрального научно-исследовательского института протезирования и протезостроения
801 1 _aRU
_bInfoComm
_c20040915
801 0 _aRU
_bNLR
_gPSBO
852 _aNLR
_jП16/665
942 _cSE
980 _aRUSPER